000
00198 a2200097 4500
020
_a
9780740723360
041
_a
eng
100
_a
Bradley Trevor Greive
245
_a
The meaning of life
942
_c
BK
999
_c
29533
_d
29531